|
|
|
|
| LEADER |
00000naa2a2200000 4500 |
| 001 |
449892 |
| 005 |
20231101083234.0 |
| 035 |
|
|
|a (RuTPU)RU\TPU\prd\112008
|
| 035 |
|
|
|a RU\TPU\prd\42944
|
| 090 |
|
|
|a 449892
|
| 100 |
|
|
|a 20110608a2006 k y0rusy50 ca
|
| 101 |
0 |
|
|a rus
|
| 102 |
|
|
|a RU
|
| 200 |
1 |
|
|a Методика расчёта упругих волновых полей для мезообъёма, содержащего несколько разноориентированных кристаллов с различными свойствами
|f Н. А. Мельникова, М. М. Немирович-Данченко
|
| 225 |
1 |
|
|a Геомеханика и геофизика
|
| 320 |
|
|
|a Библиогр.: 8 назв.
|
| 461 |
|
0 |
|0 (RuTPU)RU\TPU\prd\353
|x 1683-805X
|t Физическая мезомеханика
|f Институт физики прочности и материаловедения ; Российская академия наук (РАН), Сибирское отделение (СО), Институт физики прочности и материаловедения (ИФПМ)
|d 1998-
|
| 463 |
|
0 |
|0 (RuTPU)RU\TPU\prd\111981
|t Т. 9, № 1
|v с. 103-110
|d 2006
|
| 610 |
1 |
|
|a упругие волновые поля
|
| 610 |
1 |
|
|a мезообъёмы
|
| 610 |
1 |
|
|a разноориентированные кристаллы
|
| 610 |
1 |
|
|a расчеты
|
| 610 |
1 |
|
|a компьютерное моделирование
|
| 610 |
1 |
|
|a твердые тела
|
| 610 |
1 |
|
|a анизотропная поликристаллическая среда
|
| 610 |
1 |
|
|a деформирование
|
| 610 |
1 |
|
|a нагружение
|
| 700 |
|
1 |
|a Мельникова
|b Н. А.
|
| 701 |
|
1 |
|a Немирович-Данченко
|b М. М.
|c геофизик
|c профессор Томского политехнического университета, доктор физико-математических наук
|f 1955-
|g Михаил Михайлович
|2 stltpush
|3 (RuTPU)RU\TPU\pers\32023
|
| 801 |
|
1 |
|a RU
|b 63413507
|c 20060421
|g PSBO
|
| 801 |
|
2 |
|a RU
|b 63413507
|c 20150211
|g RCR
|
| 942 |
|
|
|c BK
|